| 000 | 00845nam a22003257a 4500 | ||
|---|---|---|---|
| 005 | 20241211183912.0 | ||
| 008 | 170123b2008 xxu||||| |||| 00| 0 spa d | ||
| 041 | _aESP | ||
| 082 | _a346.07 P227d | ||
| 100 |
_aPredes Sánchez, Luis _936860 |
||
| 245 | _aDerecho mercantil: Parte general y sociedades | ||
| 260 | _aMéxico | ||
| 260 | _bGrupo Editorial Patria | ||
| 260 | _c2008 | ||
| 300 | _a312 páginas | ||
| 650 | _aDERECHO MERCANTIL | ||
| 650 | _aHISTORIA | ||
| 650 | _aDERECHO CIVIL | ||
| 650 | _aACTO DE COMERCIO | ||
| 650 | _aCOMERCIANTE | ||
| 650 | _aAUXILIARES MERCANTILES | ||
| 650 | _aREGISTRO PÚBLICO | ||
| 650 | _aSOCIEDADES MERCANTILES | ||
| 650 | _aPERSONALIDAD JURÍDICA | ||
| 650 | _aSOCIEDAD ANÓNIMA | ||
| 650 | _aCAPITAL VARIABLE | ||
| 650 | _aLIQUIDACIÓN | ||
| 942 |
_cBK _2ddc |
||
| 999 |
_c8799 _d8799 |
||